Software engineering (Record no. 5337)
[ view plain ]
| 000 -LEADER | |
|---|---|
| fixed length control field | 00561nam a2200181Ia 4500 |
| 003 - CONTROL NUMBER IDENTIFIER | |
| control field | SGT |
| 020 ## - INTERNATIONAL STANDARD BOOK NUMBER | |
| International Standard Book Number | 9788122423600 |
| 082 ## - DEWEY DECIMAL CLASSIFICATION NUMBER | |
| Classification number | 5.1 |
| Item number | AGG |
| 100 ## - MAIN ENTRY--PERSONAL NAME | |
| Personal name | Aggarwal,K.K |
| 245 ## - TITLE STATEMENT | |
| Title | Software engineering |
| 250 ## - EDITION STATEMENT | |
| Edition statement | 3rd Ed. |
| 260 ## - PUBLICATION, DISTRIBUTION, ETC. (IMPRINT) | |
| Name of publisher, distributor, etc | New Age International Publication |
| Place of publication, distribution, etc | New Delhi |
| Year of Publication | 2008 |
| 300 ## - PAGE DESCRIPTION | |
| No. of Pages | 507p. |
| 650 ## - SUBJECT ADDED ENTRY--TOPICAL TERM | |
| Topical term or geographic name as entry element | COMPUTER SCIENCE |
| 653 ## - KEYWORDS--INDEX TERM | |
| Keyword term | INTRODUCTION TO SOFTWARE ENGINEERING , SOFTWARE LIFE CYCLE MODELS,SOFTWARE REQUIREMENTS ANALYSIS AND SPECIFICATIONS, SOFTWARE PROJECT PLANNING |
| 700 ## - ADDED ENTRY--PERSONAL NAME | |
| Personal name | Singh,Yougesh |
| 942 ## - ADDED ENTRY ELEMENTS (KOHA) | |
| Source of classification or shelving scheme | Dewey Decimal Classification |
| Koha item type | Books |
| 942 ## - ADDED ENTRY ELEMENTS (KOHA) | |
| -- | 23 |
| Withdrawn status | Lost status | Source of classification or shelving scheme | Damaged status | Not for loan | Home library | Current library | Date acquired | SGTU | Total Checkouts | Total Renewals | Full call number | Accession No. (Barcode) | Date last seen | Date last borrowed | Bill Date | Koha item type |
|---|---|---|---|---|---|---|---|---|---|---|---|---|---|---|---|---|
| Dewey Decimal Classification | SGT Engineering Library | SGT Engineering Library | 24/09/2011 | SGTU | 18 | 13 | 5.1 AGG | FE4109 | 10/05/2022 | 02/05/2022 | 09/02/2015 | Books | ||||
| Dewey Decimal Classification | SGT Engineering Library | SGT Engineering Library | 24/09/2011 | SGTU | 19 | 5 | 5.1 AGG | FE4110 | 13/07/2022 | 09/07/2022 | 09/02/2015 | Books | ||||
| Dewey Decimal Classification | SGT Engineering Library | SGT Engineering Library | 24/09/2011 | SGTU | 14 | 11 | 5.1 AGG | FE4111 | 28/04/2022 | 08/03/2022 | 09/02/2015 | Books | ||||
| Dewey Decimal Classification | SGT Engineering Library | SGT Engineering Library | 24/09/2011 | SGTU | 22 | 6 | 5.1 AGG | FE4112 | 17/03/2021 | 05/03/2021 | 09/02/2015 | Books | ||||
| Dewey Decimal Classification | SGT Engineering Library | SGT Engineering Library | 24/09/2011 | SGTU | 20 | 9 | 5.1 AGG | FE4113 | 26/05/2025 | 05/05/2025 | 09/02/2015 | Books | ||||
| Dewey Decimal Classification | SGT Engineering Library | SGT Engineering Library | 24/09/2011 | SGTU | 17 | 1 | 5.1 AGG | FE4114 | 17/01/2025 | 04/11/2024 | 09/02/2015 | Books | ||||
| Dewey Decimal Classification | SGT Engineering Library | SGT Engineering Library | 24/09/2011 | SGTU | 15 | 7 | 5.1 AGG | FE4115 | 07/09/2023 | 11/10/2022 | 09/02/2015 | Books | ||||
| Dewey Decimal Classification | SGT Engineering Library | SGT Engineering Library | 24/09/2011 | SGTU | 29 | 4 | 5.1 AGG | FE4116 | 28/06/2022 | 27/04/2022 | 09/02/2015 | Books | ||||
| Dewey Decimal Classification | SGT Engineering Library | SGT Engineering Library | 24/09/2011 | SGTU | 21 | 9 | 5.1 AGG | FE4117 | 31/01/2023 | 05/01/2023 | 09/02/2015 | Books | ||||
| Dewey Decimal Classification | SGT Engineering Library | SGT Engineering Library | 24/09/2011 | SGTU | 19 | 14 | 5.1 AGG | FE4118 | 02/05/2022 | 04/04/2022 | 09/02/2015 | Books |